| 000 | 00639nam a2200217 a 4500 | ||
|---|---|---|---|
| 005 | 20240809063819.0 | ||
| 008 | 991125s1987 es 000 0 spa u | ||
| 020 | _a8432983462 | ||
| 035 | _aUPN01000009365 | ||
| 049 | _aF | ||
| 050 | 4 |
_aTT175 _bV4.3 |
|
| 100 | 1 |
_aVenzl, Margret _942242 |
|
| 245 | 1 | 0 |
_aCómo hacer muñecas de trapo / _cMargret Venzl. |
| 260 |
_aBarcelona, Esp. : _bCEAC, _c1987. |
||
| 300 |
_a46 p. : _bil. (alg. col.), |
||
| 440 | 0 | _aCómo hacerlo | |
| 534 |
_pTraducción de: _tStoffpuppen und puppenkleider |
||
| 650 | 4 |
_aMUÑECAS (JUGUETES) _97399 |
|
| 650 | 4 |
_aTrabajos manuales _vManuales _927061 |
|
| 905 | _aLibro | ||
| 999 |
_c9365 _d9365 |
||